000 00229nam a22001097a 4500
082 _a520
_bHAW/B
100 _a172
245 _aBLACK HOLES AND BABY UNIVERSES
300 _a172
650 _aPERSONALITY DEVELOPMENT
942 _cBK
999 _c5315
_d5315